00400nam a22001457a 450000500170000000800410001704100130005808200130007110000130008424500310009725000190012826000570014730000240020465000260022820240621085237.0240621b |||||||| |||| 00| 0 eng d aEnglish  a349 LAW  lEnglish  aHalbury's Laws of England  aThird Edition  aLondon: bButterworth and Co. Publishers Ltd, c1966 b91 pages; c25 cm.  aLegal practice bLaw